ბათუმის შოთა რუსთაველის სახელმწიფო უნივერსიტეტის ბიბლიოთეკა

Чевенгур. Роман (ბიბ.ჩანაწერი № 45381)

000 -LEADER
fixed length control field 00593nam a2200229Ia 4500
001 - CONTROL NUMBER
control field 12205
003 - CONTROL NUMBER IDENTIFIER
control field GE_BSU
008 - FIXED-LENGTH DATA ELEMENTS--GENERAL INFORMATION
fixed length control field 181216s||||||||xx |||||||||||||| ||und||
020 ## - INTERNATIONAL STANDARD BOOK NUMBER
International Standard Book Number 9785389046603
040 ## - CATALOGING SOURCE
Transcribing agency GE_BSU
080 ## - UNIVERSAL DECIMAL CLASSIFICATION NUMBER
Universal Decimal Classification number 821.161.1-3
100 ## - MAIN ENTRY--PERSONAL NAME
Personal name Платонов,Андрей
245 ## - TITLE STATEMENT
Title Чевенгур. Роман
245 ## - TITLE STATEMENT
Statement of responsibility, etc. Предисл. Светланы Семеновой
260 ## - PUBLICATION, DISTRIBUTION, ETC.
Place of publication, distribution, etc. СПБ
260 ## - PUBLICATION, DISTRIBUTION, ETC.
Name of publisher, distributor, etc. Азбука-Аттикус
260 ## - PUBLICATION, DISTRIBUTION, ETC.
Date of publication, distribution, etc. 2012
300 ## - PHYSICAL DESCRIPTION
Extent 480стр.18см.
653 ## - INDEX TERM--UNCONTROLLED
Uncontrolled term Чевенгур. Роман
942 ## - ADDED ENTRY ELEMENTS (KOHA)
Koha item type წიგნი
ეგზემპლარები
Withdrawn status Lost status Damaged status Not for loan Date acquired Barcode Date last seen Price effective from Koha item type
        2018-12-17 36096 2018-12-17 2018-12-17 წიგნი
        2018-12-17 36097 2018-12-17 2018-12-17 წიგნი